00350nam a22001097a 4500082001500000100002300015245007700038250000800115260002500123300001500148650007700163 a005.13 SUD aSudkamp, Thomas A. aLanguages and machines:an introduction to the theory of computer science a3rd aIndiabPearsonc2017 axvii,654 P aLanguages and Machines:An introduction to the theory of computer science